| 000 | 01377cam a22003737a 4500 | ||
|---|---|---|---|
| 003 | CHAP | ||
| 005 | 20220329142405.0 | ||
| 008 | 001110d2000 mx a r 00110 spa d | ||
| 010 | _a82784 | ||
| 011 | _a83756 | ||
| 035 | _a94272 | ||
| 040 | _cCHAP | ||
| 090 | _aTesis | ||
| 100 | 0 | 0 |
_aSolís Gutiérrez, Efrén. _9108441 |
| 245 | 1 | 0 |
_aDiferentes niveles de níquel y relaciones nitrato/urea sobre el desarrollo del jitomate (Lycopersicon esculentum Mill.) en hidroponia _c/por Efrén Solís Gutiérrez |
| 260 |
_aChapingo, Méx. : _bEl autor, _c2000. |
||
| 300 |
_a98 h. : _bilus. ; gráfs. ; cuadros |
||
| 502 | _aTesis (Ing. Agr. Esp. en Fitotecnia) -- UACH. Departamento de Fitotecnia | ||
| 590 |
_aALEPH _b10 _c20130110 _lUCH01 _h1439 |
||
| 590 |
_aBATCH-UPD _b10 _c20130110 _lUCH01 _h0745 |
||
| 590 |
_aBATCH-UPD _b10 _c20130110 _lUCH01 _h2343 |
||
| 590 |
_aBATCH-UPD _b10 _c20130410 _lUCH01 _h0426 |
||
| 590 |
_aBATCH-UPD _b10 _c20130914 _lUCH01 _h1616 |
||
| 590 |
_aCONVERSION _b10 _c20130109 _lUCH01 _h1346 |
||
| 650 | 1 | 4 |
_aHidroponía. _955280 |
| 650 | 1 | 4 |
_aNíquel _xEfecto en tomate. _981598 |
| 650 | 1 | 4 |
_aTomate _xRendimiento. _9113761 |
| 650 | 1 | 4 |
_aUrea _xEfecto en tomate. _9116886 |
| 901 | _aBK | ||
| 905 | _aLilia Sánchez G. | ||
| 942 | _cFOLL | ||
| 949 |
_bBC _cTES _d33724000804126 _eTS2 _fc.2 _h37402 _i94272 _si |
||
| 949 |
_bBC _cTES _d942721 _eTS1 _h37401 _i94272 _sb |
||
| 999 |
_c82784 _d82784 |
||